00173nam a2200061Ia 4500008004100000100001700041245005300058120527s9999 xx 000 0 und d aKaufman, B.E aThe economics of labor market and labor relation